| 000 | 00444nam a2200181Ia 4500 | ||
|---|---|---|---|
| 008 | 170918s9999 xx 000 0 und d | ||
| 020 | _a9780439295765 | ||
| 050 | _bD553im 2012 | ||
| 100 | _aDickinson, Emily | ||
| 245 | _aI'm nobody! Who are you? / | ||
| 245 | _cpoems by Emily Dickinson. | ||
| 260 | _aNew York : | ||
| 260 | _bScholastic, | ||
| 260 | _c2012 | ||
| 300 | _a105 pages : | ||
| 300 | _billustrations ; | ||
| 300 | _c17cm. | ||
| 999 |
_c343644 _d343644 |
||